000 00905nas a2200289 4500
001 BR2012008563
003 BR-BrBNA
005 20231205121513.0
007 ta
008 230509b bl.|||p| |||| 00| 00por d
040 _aBR-BrBNA
_bpor
_cBiblioteca Nacional de Agricultura
041 _a(Pt)
072 _aJ11
100 1 _aGonzales, A.F.
100 1 _aAyub, R.A.
100 1 _aWerlang, C.
245 1 _aControle da maturação de caqui (Diospyros kaki L.)CV. Fuyu tratados com aminoethoxivinilglicina e armazenados a temperatura ambiente
650 _aCAQUI
650 _aDIOSPYROS KAKI
650 _aMATURAÇÃO
650 _aETILENO
650 _aARMAZENAMENTO
650 _aQUALIDADE
773 0 _tRevista Brasileira de Agrociência (Brazil)
_xISSN 0104-8996
_g(Apr-Jun 2005), v. 11(2) p. 231-233
_wBR2012008563
909 _a202311
_bLúcia
_c55
_dLúcia Elande
942 _2AGRIS
_n0
_cANA
999 _c223871
_d223871